LEADER 00934nam0 2200277 450 001 000023788 005 20081211105751.0 010 $a0-670-52042-x 100 $a20081211d1972----km-y0itaa50------ba 101 0 $aeng 102 $aUS 200 1 $a<> odessa file$fFrederick Forsyth 210 $aNew York$c<> Viking Press$dc1972 215 $aXI,337 p.$d22 cm. 676 $a823.914$v(21 ed.)$9Narrativa inglese. 1945-1999 700 1$aForsyth,$bFrederick$0168021 801 0$aIT$bUniversità della Basilicata - B.I.A.$gRICA$2unimarc 912 $a000023788 996 $aOdessa file$991710 997 $aUNIBAS BAS $aLETTERE CAT $aSTD070$b01$c20081211$lBAS01$h1057 CAT $aATR$b40$c20090206$lBAS01$h1027 CAT $aATR$b40$c20090904$lBAS01$h1212 FMT Z30 -1$lBAS01$LBAS01$mBOOK$1BASA1$APolo Storico-Umanistico$2FAA$BFondo anglo-americano$63071$5L3071$820081211$f04$FPrestabile Didattica LEADER 01054cam0 22003013 450 001 SOB021216 005 20210915095612.0 010 $a2070114910 100 $a20040211d2002 |||||ita|0103 ba 101 $afre 102 $aFR 200 1 $aThéatre complet$fJean Genet$gédition présentée, établie et annotée par Michel Corvin et Albert Dichy 210 $aParis$cGallimard$d2002 215 $aXCIC, 1449 p.$d17 cm 225 2 $aBibliothèque de la Pléiade 410 1$1001LAEC00015142$12001 $a*Bibliothèque de la Pléiade 700 1$aGenet$b, Jean$3AF00013180$4070$0193162 702 1$aCORVIN, Michel$3AF00023266$4070 702 1$aDichy, Albert$3AF00023267$4070 801 0$aIT$bUNISOB$c20210915$gRICA 850 $aUNISOB 852 $aUNISOB$j840|Coll|12|K$m113877 912 $aSOB021216 940 $aM 102 Monografia moderna SBN 941 $aM 957 $a840|Coll|12|K$b000216$gSI$d113877$rACQUISTO$1Alfano$2UNISOB$3UNISOB$420160126085121.0$520160126085249.0$6Alfano 996 $aThéatre complet$91677107 997 $aUNISOB